Gödelův důkaz
Salvato in:
| Autori principali: | , |
|---|---|
| Altri autori: | , |
| Natura: | Libro |
| Lingua: | ceco inglese |
| Pubblicazione: |
Brno
VUTIUM
2003
|
| Edizione: | Vyd. 1. |
| Serie: | Quantum
sv. 1 |
| Soggetti: | |
| Accesso online: | Visualizza in OPAC |
| Tags: |
Nessun Tag, puoi essere il primo ad aggiungerne!!
|
MARC
| LEADER | 00000nam a2200000 a 4500 | ||
|---|---|---|---|
| 005 | 20260127134242.0 | ||
| 008 | 050114s2003 xr gr 011 0 cze c | ||
| 020 | |a 8021423692 |c 333.00 | ||
| 035 | |a vtls008615732 | ||
| 035 | |a SAVUKc210317 | ||
| 039 | 9 | |a 201609191252 |b csnk10 |c 200603310950 |d mschk03 |y 200602040136 |z VLOAD | |
| 040 | |a SAVUK |b slo |c SNK |d STUSCHK1 |e AACR2 | ||
| 041 | 1 | |a cze |h eng | |
| 044 | |a xr |c CZ | ||
| 080 | |a 51 Gödel, Kurt | ||
| 080 | |a 510.21 | ||
| 080 | |a 16 | ||
| 100 | 1 | |a Nagel, Ernest | |
| 245 | 1 | 0 | |a Gödelův důkaz |c Ernest Nagel & James R. Newman ; redakce textu Douglas R. Hofstadter ; [z anglického originálu přeložil Rostislav Niederle] |
| 250 | |a Vyd. 1. | ||
| 260 | |a Brno |b VUTIUM |c 2003 | ||
| 300 | |a 126 s. | ||
| 490 | 1 | |a Quantum |v sv. 1 | |
| 500 | |a Lit., reg | ||
| 500 | |a Údaj o preklade prevzatý z tiráže | ||
| 600 | 1 | 7 | |a Gödel, Kurt, |d 1906-1978 |2 SNKMA |
| 653 | 1 | |a matematika | |
| 653 | 1 | |a filozofia matematiky | |
| 653 | 1 | |a logika | |
| 700 | 1 | |a Newman, James R. |4 aut | |
| 700 | 1 | |a Hofstadter, Douglas R. |4 edt | |
| 700 | 1 | |a Niederle, Rostislav |4 trl | |
| 700 | 1 | |a Gödel, Kurt, |d 1906-1978 |4 hnr | |
| 830 | 0 | |a Quantum |v sv. 1 | |
| 910 | |a savuk | ||
| 910 | |a SCHK95 | ||
| 919 | |a 80-214-2369-2 | ||
| 999 | |c 7893 |d 7893 | ||